Proceedings /
Guardado en:
| Autores Corporativos: | , |
|---|---|
| Formato: | Libro |
| Idioma: | English |
| Publicado: |
Los Alamitos, Calif. :
IEEE Computer Society,
c1997.
|
| Etiquetas: |
Agregar Etiqueta
Sin Etiquetas, Sea el primero en etiquetar este registro!
|
| LEADER | 00984nam a22001935a 4500 | ||
|---|---|---|---|
| 001 | MAT.inmabb004137 | ||
| 008 | 070212s1997####caua#####b####101#0#eng#d | ||
| 005 | 20160519155212.0 | ||
| 245 | 1 | 0 | |a Proceedings / |c 38th Annual Symposium on Foundations of Computer Science, October 20-22, 1997, Miami Beach, Florida ; sponsored by IEEE Computer Society, IEEE Computer Society Technical Committee on Mathematical Foundations of Computing. |
| 260 | |a Los Alamitos, Calif. : |b IEEE Computer Society, |c c1997. | ||
| 300 | |a xiii, 606 p. : |b il. ; |c 28 cm. | ||
| 504 | |a Incluye referencias bibliográficas e índice. | ||
| 020 | |a 0818681977 | ||
| 022 | |a 0272-5428 | ||
| 111 | 2 | |a Annual symposium on foundations of computer science |n (38º : |d 1997 : |c Miami Beach, Florida) | |
| 710 | 2 | |a IEEE Computer Society. |b Technical Committee on Mathematical Foundations of Computing. | |
| 246 | 1 | 8 | |a 38th Symposium on Foundations of Computer Science |
| 084 | |a 68-06 |2 msc2000 | ||
| 859 | |h 68 |i An615-38 |p A-7300 |b BIB. MATEMATICA | ||
